Mest Gissade Länderna på JetPunk - Statistics

General Stats
  • This quiz has been taken 5 times
  • The average score is 14 of 19
Answer Stats
Gissad Land % Correct
87% Kina
100%
90% Tyskland
100%
92% USA
100%
90% Danmark
80%
92% Finland
80%
89% Frankrike
80%
88% Island
80%
89% Italien
80%
93% Norge
80%
91% Ryssland
80%
90% Spanien
80%
94% Sverige
80%
86% Estland
60%
89% Kanada
60%
87% Polen
60%
87% Portugal
60%
85% Storbritannien
60%
86% Irland
40%
85% Ukraina
40%
No matching quizzes found
Score Distribution
Percent of People with Each Score
Percentile by Number Answered
Your Score History
You have not taken this quiz